000 00542nam a22001817a 4500
003 OSt
005 20260119035000.0
008 260119b |||||||| |||| 00| 0 eng d
020 _a978-971-23-4550-0.
040 _aDWCL-Main lib
_cOC
082 _aFil. 658 M491b 2006
100 _aRoberto G. Medina
245 _aBusiness organization and management
_cRoberto G. Medina
260 _aManila :
_bRex Book Store, Inc.,
_cc2006.
300 _ax, 257 pages :
_billustration ;
_c22 cm.
650 _21. Management.
942 _2ddc
_cBK-FIL
_kFil.
_n0
999 _c7529
_d7529